Die Vertretung von Kindern in Child Protection Proceedings in England und Wales - Entwicklung und Arbeitsweise des Systems

Saved in:  
Bibliographic Details
Main Author: Murch, Mervyn (Author)
Format: Print Article
Language:German
Published: 1995
In: Vom Umgang der Justiz mit Minderjährigen
Year: 1995, Pages: 155-170
Check availability: HBZ Gateway
Keywords:

MARC

LEADER 00000caa a2200000 c 4500
001 1422293009
003 DE-627
005 20220530120530.0
007 tu
008 111026s1995 xx ||||| 00| ||ger c
020 |a 3472024305 
035 |a (DE-627)1422293009 
035 |a (DE-576)352293004 
035 |a (DE-599)BSZ352293004 
040 |a DE-627  |b ger  |c DE-627  |e rakwb 
041 |a ger 
100 1 |a Murch, Mervyn  |4 aut 
245 1 4 |a Die Vertretung von Kindern in Child Protection Proceedings in England und Wales - Entwicklung und Arbeitsweise des Systems  |c Mervyn Murch 
264 1 |c 1995 
336 |a Text  |b txt  |2 rdacontent 
337 |a ohne Hilfsmittel zu benutzen  |b n  |2 rdamedia 
338 |a Band  |b nc  |2 rdacarrier 
773 0 8 |i In  |t Vom Umgang der Justiz mit Minderjährigen  |d Neuwied : Luchterhand, 1995  |g (1995), Seite 155-170  |h XXIII, 370 S.  |w (DE-627)189322470  |w (DE-576)048716596  |z 3472024305  |7 nnam 
773 1 8 |g year:1995  |g pages:155-170 
935 |a mkri 
951 |a AR 
ELC |b 1 
LOK |0 000 xxxxxcx a22 zn 4500 
LOK |0 001 2899287400 
LOK |0 003 DE-627 
LOK |0 004 1422293009 
LOK |0 005 20260212085104 
LOK |0 008 160208||||||||||||||||ger||||||| 
LOK |0 040   |a DE-21-110  |c DE-627  |d DE-21-110 
LOK |0 689   |a g  |a England 
LOK |0 689   |a s  |a Kinder 
LOK |0 689   |a s  |a Vertretung 
LOK |0 689   |a s  |a Kinderschutzverfahren 
LOK |0 689   |a s  |a Gardian ad litem 
LOK |0 852   |a DE-21-110 
LOK |0 852 1  |m p  |9 00 
LOK |0 935   |a k110 
LOK |0 938   |k p 
LOK |0 939   |a 08-02-16  |b l01 
ORI |a WA-MARC-krimdoka001.raw